One, Two...Not Three IV Quiz Stats

 Plays Quiz Updated Jan 11, 2018

Challenge
Share
Tweet
Embed
Score 0/24 Timer 08:00
4 Plays Today
% Correct
Cards (Playing)
91.5%
Ways a Scorpion Attacks
91.1%
Birds
90.6%
Elements of Eating
88.6%
Affirmatives to a Captain
88.3%
Rabbits
88%
Golf Results
86.1%
Greek Letters
86%
Cells
84.9%
Circuses
83.4%
Plant Support Structures
83.3%
Rays
82.4%
% Correct
_____ Tide
81.6%
Monopoly Squares (UK)
79.9%
Homophones of 'Née'
77.6%
Nissan Models
73.9%
Barnyard Sounds
72.7%
Votes (Parliamentary)
69.5%
Parts of a Table
67.3%
Crescents
65.4%
Plurals with No 'S'
62.6%
Appendages
59.1%
5-Point Scrabble Words
48.7%
Reverends
48.5%

You're not logged in!

Compare scores with friends on all Sporcle quizzes.
Join for Free
OR
Log In

You Might Also Like...

Show Comments

Extras

Top Quizzes Today


Score Distribution

Your Account Isn't Verified!

In order to create a playlist on Sporcle, you need to verify the email address you used during registration. Go to your Sporcle Settings to finish the process.

Report this User

Report this user for behavior that violates our Community Guidelines.

Details: